Estatísticas para Os 15 principais países com mortes por Covid19 - 14 julho 2021

Clique aqui para jogar o quiz

Estatísticas Gerais

  • Esse quiz foi jogado 8 vezes
  • A pontuação média é 17 de 24

Estatísticas das Respostas

país% Correto
Brasil
100%
Estados Unidos
100%
França
100%
Índia
100%
Itália
100%
Alemanha
83%
Argentina
83%
Colômbia
83%
Espanha
83%
Irão
83%
México
83%
Reino Unido
83%
Rússia
83%
Bélgica
67%
Croácia
67%
Eslovénia
67%
Hungria
67%
Bulgária
50%
Chéquia
50%
Eslováquia
50%
Peru
50%
Polônia
50%
Bósnia e Herzegovina
33%
Macedónia do Norte
17%

Distribuição das Pontuações

Percentil de Números Respondidos

Porcentagem de Pessoas com Cada Pontuação

Sua Pontuação Histórica

Você não jogou esse quiz